Statistics for Geography and Histoty of The Roman Empire

Click here to take the quiz!

General Stats

  • This quiz has been taken 72 times
  • The average score is 5 of 23

Answer Stats

HintAnswer% Correct
CapitalRome
96%
CapitalConstantinople
75%
First EmperorAugustus
68%
LanguageLatin
65%
LanguageGreek
45%
CapitalRavenna
33%
Date Disolved1453
20%
Last EmperorRomulus Augustulus
16%
CapitalMediolanum
12%
Founded27 BC
9%
CurrencyAureus
4%
GovernmentAutocracy
3%
Historical EraClassical Era
3%
CurrencySestertius
3%
CurrencySolidus
3%
Area5,000,000
1%
Population56.8 Milion
1%
GovernmentAbsolute monarchy
1%
Historical EraLate Middle Ages
1%
CurrencyNomisma
1%
CapitalSirium
1%
CapitalSyrcause
1%
GovernmentTheocracy
1%

Score Distribution

Percentile by Number Answered

Percent of People with Each Score

Your Score History

You have not taken this quiz